000 00347pab a2200121 454500
008 180718b xxu||||| |||| 00| 0 eng d
100 _aPothana, V.
245 _aSlums of Visakhapatnam: problems and policy prescription
650 _a Slums
650 _aSlums - India - Andhra Pradesh
773 _aIndian Journal of Regional Science
909 _a23245
999 _c23245
_d23245